00969nam a2200265 u 450000100070000000500170000700800410002403500110006504000130007604100080008908000070009710000400010424501990014426000230034330000140036650000240038065000320040465000300043665000500046670000400051670000480055670000310060470000320063570000360066719395920260506081309.0980603s1981 ||||||m| spa  a193959 ccomduadb aspa aWA10aMontoya H., Maria Eugenia4auteaut10aAproximacion a un diagnostico de la situacion de salud de la zona de influencia de la unidad intermedia hospitalaria de Belen y programacion de consulta medica y hospitalizacion para el ano 1982 aMedellín,c1981. a150 hojas aDonacion: 04-07-90. aPlanificación de la salud 7aAtención médica2lemb aUnidad comunal de servicios de salud de Belen10aAyes C., Maria del Carmen4auteaut10aMuñoz Salazar, Victoria Eugenia4auteaut10aChacon B., Frank4auteaut10aFeria C., Alfredo4auteaut10aCardona Osorio, Jorge4thseths